00577nam a2200157 a 4500001001000000003000400010005001700014008004100031040002500072082001500097100002400112245018300136260003600319300003000355710003400385000041956OSt20201106090358.0131024s1976 dr c 000 0 spa d aDO-SdBNPbspacBNPHU axxxxbxxxx1 aBelza, Juan Esteban13aEl pastor de los pobres y su mitra de plomo. :bsemblaza de monseñor Ricardo Pittini, azobispo ciego, que sirvió a Santo Domingo en la era de Trujillo. /cJuan Esteban Belza. aSanto Domingo, :bITESA,c1976. a285 p. :bretr. ;c20 cm.2 aInstituto técnico Salesiano